[Event "GER-ch U10 Girls"]
[Site "Willingen"]
[Date "2019.06.09"]
[Round "1"]
[White "Voecking, Julia"]
[Black "Orlova, Anna Daria"]
[Result "1-0"]
[WhiteElo "812"]
[BlackElo "1095"]
[PlyCount "99"]
[EventDate "2019.06.08"]
[EventType "swiss"]
[EventRounds "11"]
[EventCountry "GER"]
[SourceTitle "EXT 2020"]
[Source "ChessBase"]
[SourceDate "2019.10.17"]
[SourceVersion "1"]
[SourceVersionDate "2019.10.17"]
[SourceQuality "1"]

1. e4 e5 2. Nf3 Nc6 3. d4 d6 4. d5 Nce7 5. Nc3 Nf6 6. Bc4 c6 7. Bg5 Ng6 8. Qd2 h6 9. Be3 b5 10. Bb3 Bb7 11. 0-0-0 Nd7 12. dxc6 Bxc6 13. Bd5 Ne7 14. Bxc6 Nxc6 15. Nxb5 Qb8 16. Nxd6+ Bxd6 17. Qxd6 Qxd6 18. Rxd6 Rc8 19. Rhd1 Ndb8 20. R1d5 0-0 21. Nxe5 Nb4 22. Bc5 Nxa2+ 23. Kb1 f6 24. Nd7 Rfe8 25. f3 Nxd7 26. Rxd7 Rxc5 27. Rxc5 Nb4 28. Rcc7 Re5 29. Rxg7+ Kf8 30. Rh7 Kg8 31. Rxh6 Re6 32. Rhh7 Rd6 33. Rcd7 Rxd7 34. Rxd7 a5 35. e5 fxe5 36. g4 Nc6 37. Rd6 Ne7 38. h4 a4 39. h5 a3 40. bxa3 Kf7 41. h6 e4 42. h7 Ng8 43. h8Q exf3 44. Qh7+ Ke8 45. Qxg8+ Ke7 46. Qe6+ Kf8 47. Rd7 f2 48. Qf6+ Kg8 49. Qxf2 Kh8 50. Qf8# 1-0